[Event "48th TCh-SCG"]
[Site "Herceg Novi SCG"]
[Date "2005.05.19"]
[Round "5"]
[White "Damljanovic,B"]
[Black "Blagojevic,D"]
[Result "1-0"]
[WhiteElo "2588"]
[BlackElo "2549"]

1.c4 e6 2.d4 d5 3.Nc3 c6 4.Nf3 Nf6 5.e3 Nbd7 6.Qc2 Bd6 7.g4 Bb4 8.Bd2 Qe7
9.Rg1 Bxc3 10.Bxc3 Ne4 11.Bd3 Nxc3 12.Qxc3 dxc4 13.Bxc4 b6 14.g5 Bb7 15.O-O-O O-O-O
16.e4 c5 17.d5 exd5 18.Bxd5 f6 19.h4 Kb8 20.gxf6 gxf6 21.h5 Bxd5 22.exd5 Qd6
23.Rg7 Rdg8 24.Rxg8+ Rxg8 25.Qe3 Rg4 26.Kb1 Kc7 27.Qe6 Qxe6 28.dxe6 Nb8 29.h6 Rf4
30.Ne5 Re4 31.Nd7 Rxe6 32.Nxb8 Kxb8 33.Rd7 Re1+ 34.Kc2 Re2+ 35.Kd3 Rxf2 36.Rxh7 Rh2
37.Ke4 b5 38.Kd5 c4 39.Kc6 a5 40.Rb7+  1-0

[Event "HB Global CC"]
[Site "Minneapolis USA"]
[Date "2005.05.19"]
[Round "2"]
[White "Nagle,S"]
[Black "Beliavsky,A"]
[Result "0-1"]
[WhiteElo "2397"]
[BlackElo "2630"]

1.Nf3 Nf6 2.c4 e6 3.Nc3 d5 4.d4 c6 5.e3 Nbd7 6.Qc2 Bd6 7.g4 Bb4 8.Bd2 b6
9.Rg1 Bb7 10.cxd5 Bxc3 11.Bxc3 Nxd5 12.Be2 Rc8 13.g5 c5 14.Rd1 O-O 15.Rg4 Qe7
16.Rh4 g6 17.Qa4 Bc6 18.Qa3 f6 19.gxf6 Rxf6 20.dxc5 Rxf3 21.Bxf3 Qxh4 22.Bxd5 exd5
23.Qxa7 Rf8 24.Rd2 Qxh2 25.cxb6 Qg1+ 26.Ke2 Bb5+  0-1

[Event "HB Global CC"]
[Site "Minneapolis USA"]
[Date "2005.05.19"]
[Round "2"]
[White "Onischuk,Al"]
[Black "Fernandez,D USA"]
[Result "1-0"]
[WhiteElo "2638"]
[BlackElo "2406"]

1.d4 d5 2.c4 e6 3.Nc3 c6 4.e3 Nf6 5.Nf3 Nbd7 6.Bd3 dxc4 7.Bxc4 b5 8.Bd3 Bb7
9.O-O a6 10.e4 c5 11.d5 c4 12.Bc2 Qc7 13.dxe6 fxe6 14.Nd4 Nc5 15.Be3 O-O-O
16.Qe2 e5 17.Nf3 Ne6 18.Rfd1 Bc5 19.Nd5 Nxd5 20.exd5 Nd4 21.Nxd4 exd4 22.Bxd4 Rxd5
23.Bxc5 Qxc5 24.Be4 Rxd1+ 25.Rxd1 Bxe4 26.Qxe4 Rf8 27.Rd2 Kb8 28.Qxh7 Qe5
29.Qb1 Rf4 30.g3 Re4 31.Qc2 g5 32.h3 Qe6 33.Kh2 Re1 34.Qh7 Rh1+ 35.Kg2 Rg1+
36.Kxg1 Qe1+ 37.Kg2 Qxd2 38.Qg7 Qd5+ 39.Kh2 Qd2 40.Qe5+ Kb7 41.Kg2 Kc6 42.Qf6+ Kc5
43.Qf8+ Kb6 44.Qf6+ Kc5 45.Qe7+  1-0

[Event "HB Global CC"]
[Site "Minneapolis USA"]
[Date "2005.05.19"]
[Round "3"]
[White "Muhammad,S"]
[Black "Vasquez,R"]
[Result "1/2-1/2"]
[WhiteElo "2334"]
[BlackElo "2551"]

1.d4 d5 2.c4 c6 3.Nf3 Nf6 4.Nc3 e6 5.e3 Nbd7 6.Bd3 dxc4 7.Bxc4 b5 8.Be2 b4
9.Na4 Qa5 10.O-O Ba6 11.b3 Bb5 12.Nb2 Be7 13.Nc4 Qc7 14.a4 bxa3 15.Bxa3 Bxa3
16.Nxa3 Bxe2 17.Qxe2 O-O 18.Rfc1 Rfc8 19.Nc4 c5 20.Ra6 cxd4 21.Nxd4 Ne5 22.f4 Nxc4
23.Qxc4 Qb7 24.Rc6 Rd8 25.f5 exf5 26.Nxf5 Ne8 27.Rf1 Rd7 28.Rc5 Rad8 29.Re5 Kh8
30.b4 f6 31.Qc5 Nc7 32.Re7 Nb5 33.Nd6 Nxd6 34.Qxd6 h6 35.Rf4 Qc8 36.Rxd7 Rxd7
37.Qc5 Qe8 38.Rf1 Re7 39.Kf2 Qf7 40.Rd1 Re5 41.Rd8+ Kh7 42.Qc2+ f5 43.Qd2 Qh5
44.h3 Qh4+ 45.Kf3 Qe7 46.Rd4 a6 47.Qd3  1/2-1/2

[Event "Chigorin CC"]
[Site "St Petersburg RUS"]
[Date "2005.05.19"]
[Round "4"]
[White "Mukha,A"]
[Black "Golovenchits,B"]
[Result "0-1"]
[WhiteElo "1875"]
[BlackElo "2095"]

1.d4 d5 2.Nf3 e6 3.c4 c6 4.e3 Nf6 5.Nc3 Nbd7 6.Bd3 Bd6 7.O-O O-O 8.a3 Re8
9.b4 e5 10.dxe5 Nxe5 11.cxd5 Bg4 12.Be2 cxd5 13.Bb2 Nc4 14.Bxc4 dxc4 15.Nb5 Be7
16.Nbd4 a6 17.h3 Bh5 18.Rc1 Rc8 19.Qe2 b5 20.Rfd1 Qb6 21.g4 Bg6 22.Ne5 Ne4
23.Nxg6 hxg6 24.Nf3 c3 25.Ba1 Bf6 26.Nd4 Rc4 27.Rd3 Bxd4 28.exd4 Rxd4 29.Rxd4 Qxd4
30.Bxc3 Qb6 31.Qb2 Rc8 32.Be1 Re8 33.Bc3 Ng5 34.Bxg7 Nxh3+ 35.Kf1 Qb7 36.Be5 Qh1+
37.Ke2 Qe4+  0-1

[Event "48th TCh-SCG"]
[Site "Herceg Novi SCG"]
[Date "2005.05.20"]
[Round "6"]
[White "Stojanovic,Zo"]
[Black "Filipovic,Z"]
[Result "1-0"]
[WhiteElo "2305"]
[BlackElo "2135"]

1.d4 d5 2.c4 c6 3.Nc3 Nf6 4.e3 e6 5.Nf3 Bd6 6.Qc2 Nbd7 7.Bd3 h6 8.O-O O-O
9.b3 dxc4 10.bxc4 e5 11.Bb2 Re8 12.h3 Qe7 13.Nd2 Nf8 14.a4 Be6 15.Nde4 Nxe4
16.Nxe4 f6 17.Nxd6 Qxd6 18.dxe5 fxe5 19.c5 Qc7 20.f4 Nd7 21.Qc3 Re7 22.fxe5 Bd5
23.e4 Be6 24.a5 Rae8 25.Bc2 Kh8 26.Rad1 Bg8 27.e6 Nf8 28.Rd6 Bxe6 29.Rfd1 Rf7
30.Qd2 Kg8 31.Bc3 Qe7 32.Rf1 Rxf1+ 33.Kxf1 Nd7 34.Qd4 Rf8+ 35.Kg1 Nf6 36.Bd3 Bc8
37.a6 Re8 38.Bc4+ Kh7 39.e5 Nd7 40.Qe4+ Kh8 41.Re6 Qxc5+ 42.Bd4 Qf8 43.Bd3 Nf6
44.Rxf6 Qg8 45.Rxh6+  1-0

[Event "48th TCh-SCG"]
[Site "Herceg Novi SCG"]
[Date "2005.05.20"]
[Round "6"]
[White "Miljkovic,Mir1"]
[Black "Ivanisevic,I"]
[Result "0-1"]
[WhiteElo "2418"]
[BlackElo "2542"]

1.d4 d5 2.c4 e6 3.Nc3 c6 4.e3 Nf6 5.Nf3 Nbd7 6.Bd3 dxc4 7.Bxc4 b5 8.Bd3 Bd6
9.O-O O-O 10.e4 e5 11.Bg5 exd4 12.Nxd4 Ne5 13.Be2 h6 14.Bh4 b4 15.Na4 g5
16.Bg3 Nxe4 17.Bxe5 Bxe5 18.Nxc6 Bxh2+ 19.Kxh2 Qc7+ 20.Kg1 Qxc6 21.Rc1 Qg6
22.Qd4 Bb7 23.Qxb4 Rab8 24.Bd3 Ba8 25.Qd4 Qf6 26.Qxf6 Nxf6 27.b3 Rbd8 28.Rfd1 Kg7
29.Rc7 Nd5 30.Rxa7 Nf4 31.Nb2 Bxg2 32.Bc4 Bd5 33.Bxd5 Nxd5 34.Nc4 Rfe8 35.a4 Nf4
36.Nd6 Kg6 37.Nxe8 Rxd1+ 38.Kh2 h5 39.Ra6+ Kf5 40.f3 Rd2+ 41.Kg1 Nh3+ 42.Kf1 Kf4
43.Rf6+ Ke3 44.Nd6 Rd1+ 45.Kg2 Nf4+ 46.Kh2 Rd2+ 47.Kg1 Kxf3 48.Nc4 Ra2 49.a5 g4  0-1

[Event "HB Global CC"]
[Site "Minneapolis USA"]
[Date "2005.05.20"]
[Round "4"]
[White "Vasquez,R"]
[Black "Friedel,J"]
[Result "0-1"]
[WhiteElo "2551"]
[BlackElo "2425"]

1.d4 d5 2.c4 c6 3.e3 Nf6 4.Nc3 e6 5.Nf3 Nbd7 6.Qc2 Bd6 7.b3 b6 8.Be2 Bb7
9.O-O O-O 10.Rd1 Qe7 11.Bb2 Rac8 12.Rac1 c5 13.cxd5 exd5 14.Qb1 Ne4 15.dxc5 Nxc3
16.Rxc3 bxc5 17.Bd3 g6 18.Bf1 Nf6 19.Qa1 Ne4 20.Rc2 f5 21.g3 g5 22.Bg2 Rce8
23.Re1 f4 24.exf4 gxf4 25.Nd2 fxg3 26.fxg3 Qg5 27.Nxe4 dxe4 28.Qd1 Re6 29.Bc1 Qg6
30.Be3 Qf5 31.Rd2 Qe5 32.Bf1 Rg6 33.Bc4+ Kh8 34.Rg2 Rf3 35.Qd2 h5 36.Rd1 h4
37.Kh1 hxg3 38.hxg3 Rfxg3 39.Rh2+ Kg7 40.Bh6+ Kf6 41.Qf2+ Ke7 42.Qf7+ Kd8
43.Bf4 Qd4 44.Bxg3 e3+  0-1

[Event "HB Global CC"]
[Site "Minneapolis USA"]
[Date "2005.05.20"]
[Round "5"]
[White "Muhammad,S"]
[Black "Shabalov,A"]
[Result "1/2-1/2"]
[WhiteElo "2334"]
[BlackElo "2593"]

1.d4 d5 2.Nf3 Nf6 3.c4 c6 4.Nc3 e6 5.e3 Nbd7 6.Bd3 dxc4 7.Bxc4 b5 8.Be2 b4
9.Na4 Bb7 10.Bd2 Be7 11.Rc1 O-O 12.O-O Ne4 13.Qc2 Nxd2 14.Nxd2 e5 15.dxe5 Nxe5
16.Nf3 Qd5 17.Nc5 Bxc5 18.Qxc5 Qxc5 19.Rxc5 Nd7 20.Rc2 Rfd8 21.Rd1 Kf8 22.Rcd2 Ke7
23.Ng5 Nc5 24.Rxd8 Rxd8 25.Rxd8 Kxd8 26.Nxf7+ Ke7 27.Ne5 Na4 28.Nd3 Ba6 29.Bd1 Bxd3
30.Bxa4 c5 31.f3 c4 32.Kf2 Bb1 33.Ke2 Bxa2 34.Kd2 Kd6 35.Kc2 a5 36.h4 Ke5
37.g4 h6 38.h5 Kd5 39.e4+ Ke5 40.Kd2 Kf4 41.Kc2 Ke5 42.Kd2 Bb1 43.Ke3 c3
44.f4+ Kd6 45.e5+ Kc5 46.bxc3 bxc3 47.e6 Kd6 48.f5 Ke7 49.Bb3 Kf6 50.Ba4 Ke7
51.Bb3  1/2-1/2

[Event "GM"]
[Site "Frascati ITA"]
[Date "2005.05.21"]
[Round "1"]
[White "Ortega,Le"]
[Black "Bruno,F"]
[Result "0-1"]
[WhiteElo "2439"]
[BlackElo "2374"]

1.d4 d5 2.c4 c6 3.Nc3 Nf6 4.e3 e6 5.Nf3 Nbd7 6.Bd3 dxc4 7.Bxc4 b5 8.Bd3 a6
9.e4 c5 10.d5 c4 11.Bc2 Qc7 12.O-O Bb7 13.Nd4 Nc5 14.b4 Nd3 15.Bxd3 cxd3
16.Qxd3 Rc8 17.Nce2 Qe5 18.dxe6 Bxe4 19.exf7+ Kxf7 20.Qh3 Bxb4 21.Bf4 Qd5
22.Rad1 Rhd8 23.a3 Ba5 24.Be3 Qd7 25.Qh4 Qg4 26.Qxg4 Nxg4 27.Bg5 Nf6 28.Ng3 Bd5
29.Ndf5 Rd7 30.h3 Rcd8 31.Ne3 Bb7 32.Rb1 Rd4 33.Ngf5 Ra4 34.Rbd1 Kf8 35.Bxf6 gxf6
36.Rxd8+ Bxd8 37.Rd1 Ba5 38.Rd7 Bc8 39.Rd6 Kf7 40.Rc6 Bxf5 41.Nxf5 Rxa3 42.Nd6+ Ke7
43.Rxa6 b4 44.Nf5+ Kd7 45.Rd6+ Kc7 46.Rd5 b3 47.Rb5 Bc3 48.Ne7 Ra1+ 49.Kh2 Be5+
50.f4 Bxf4+ 51.g3 Ra2+ 52.Kh1 Bd6 53.Rxb3 Bxe7 54.Rb5 Ra3 55.Kg2 Bd6 56.g4 Rg3+
57.Kf2 Rxh3 58.Rf5 Be7 59.Kg2 Rh6  0-1

[Event "Open"]
[Site "Znojmo CZE"]
[Date "2005.05.21"]
[Round "8"]
[White "Golcman,E"]
[Black "Mlynek,P"]
[Result "1/2-1/2"]
[WhiteElo "2325"]
[BlackElo "2216"]

1.c4 c6 2.d4 d5 3.e3 Nf6 4.Nc3 e6 5.Nf3 Nbd7 6.Qb3 Be7 7.Bd3 dxc4 8.Bxc4 b5
9.Be2 a6 10.O-O c5 11.dxc5 Nxc5 12.Qc2 Bb7 13.Rd1 Qc7 14.Bd2 O-O 15.Rac1 Rac8
16.Qb1 Qb8 17.b4 Nce4 18.Be1 Rfd8 19.Bd3 Qa8 20.Nxe4 Nxe4 21.Rxc8 Rxc8 22.Rc1 Rxc1
23.Qxc1 Qd8 24.Qc2 Qd5 25.Nd4 Bf6 26.Nf3 h6 27.Kf1 g5 28.h3 h5 29.Kg1 g4
30.hxg4 hxg4 31.Nh2 Nc3 32.Bf1 Qxa2 33.Qd3 Be4 34.Qd6 Ne2+ 35.Kh1 Qa1 36.Qd2 Bc3
37.Qd8+ Kg7 38.Bxc3+ Nxc3 39.Qg5+ Bg6 40.Qxg4 Ne4 41.Kg1 Qe1 42.Qf4 Nd2 43.Qd4+ Kh7
44.Qh4+ Kg7 45.Qd4+ Kh7 46.Qh4+  1/2-1/2

[Event "ch-UKR sf"]
[Site "Alushta UKR"]
[Date "2005.05.22"]
[Round "7"]
[White "Golovanj,A"]
[Black "Rudak,V"]
[Result "1-0"]
[WhiteElo "2217"]
[BlackElo "2366"]

1.d4 d5 2.c4 c6 3.Nf3 Nf6 4.e3 e6 5.Nc3 Nbd7 6.Qc2 Bd6 7.b3 O-O 8.Bb2 e5
9.cxd5 cxd5 10.dxe5 Nxe5 11.Be2 Bg4 12.Nd4 Rc8 13.h3 Bd7 14.Bd3 Re8 15.Qd2 Qe7
16.Bc2 Rc7 17.a3 Rec8 18.Nf5 Bxf5 19.Bxf5 Ne4 20.Nxd5 Qh4 21.Bxe4 Qxe4 22.Nxc7 Qxg2
23.Qxd6 Qxh1+ 24.Kd2 Nf3+ 25.Ke2 Qxh3 26.Qg3 Qxg3 27.fxg3 Ng5 28.Rc1 Ne4
29.g4 h6 30.Nb5 Rd8 31.Nd4 Rd7 32.Rc2 Kh7 33.b4 Kg6 34.Kf3 Ng5+ 35.Kf4 Re7
36.Re2 Re4+ 37.Kg3 h5 38.gxh5+ Kxh5 39.Rh2+ Kg6 40.Kf2 f6 41.Nf3 Nf7 42.Bd4 Re6
43.Rg2+ Kh7 44.a4 Nd6 45.Ke2 a6 46.Kd3 b5 47.a5 Nf5 48.Rh2+ Kg8 49.Rc2 Ne7
50.Rc7 Nd5 51.Rc8+ Kf7 52.Bc5 g5 53.Rd8 Ne7 54.Rd7 Ke8 55.Rxe7+ Rxe7 56.Bxe7 Kxe7
57.Nd4 Kd6 58.Nb3 g4 59.Nc5 f5 60.Nxa6 g3 61.Ke2  1-0

[Event "HB Global CC"]
[Site "Minneapolis USA"]
[Date "2005.05.22"]
[Round "8"]
[White "Muhammad,S"]
[Black "Georgiev,Vl"]
[Result "1-0"]
[WhiteElo "2334"]
[BlackElo "2535"]

1.d4 d5 2.c4 c6 3.Nf3 Nf6 4.Nc3 e6 5.e3 a6 6.Qc2 c5 7.cxd5 exd5 8.Be2 Nc6
9.O-O Be6 10.dxc5 Bxc5 11.Nb5 Ne4 12.Nbd4 Nxd4 13.Nxd4 Rc8 14.Nxe6 fxe6 15.Qb3 Qb6
16.Qa4+ Qc6 17.Qd1 O-O 18.Bd3 Bd6 19.Bd2 Be5 20.Bb4 Rfd8 21.Ba3 b5 22.Rc1 Qb6
23.Be7 Rxc1 24.Qxc1 Re8 25.Bb4 a5 26.Be1 b4 27.a3 Nc5 28.Bb1 g6 29.h4 Qb5
30.axb4 axb4 31.f4 Bd4  1-0

[Event "HB Global CC"]
[Site "Minneapolis USA"]
[Date "2005.05.22"]
[Round "9"]
[White "Fridman,D2"]
[Black "Najer,E"]
[Result "1/2-1/2"]
[WhiteElo "2562"]
[BlackElo "2615"]

1.d4 Nf6 2.Nf3 e6 3.c4 d5 4.Nc3 c6 5.e3 a6 6.b3 Bb4 7.Bd2 O-O 8.Bd3 Nbd7
9.O-O Bd6 10.h3 e5 11.cxd5 cxd5 12.e4 dxe4 13.Nxe4 Nxe4 14.Bxe4 exd4 15.Bg5 Nf6
16.Qxd4 Bh2+ 17.Kxh2 Qxd4 18.Nxd4 Nxe4 19.Be3 Bd7 20.Rfc1 Rac8 21.Kg1 f6
22.f3 Nc3 23.Bd2 Nd5 24.Rxc8 Rxc8 25.Kf2 Kf7 26.a3 h6 27.Rc1 Rxc1 28.Bxc1 Ke7
29.h4 h5 30.g3 g6 31.Ke1 Ke8  1/2-1/2

[Event "VII Open"]
[Site "Salou ESP"]
[Date "2005.05.22"]
[Round "3"]
[White "Mellado Trivino,J"]
[Black "Korneev,O"]
[Result "0-1"]
[WhiteElo "2412"]
[BlackElo "2611"]

1.d4 d5 2.c4 e6 3.Nc3 c6 4.e3 Nf6 5.Nf3 Nbd7 6.Qc2 Bd6 7.Bd3 O-O 8.O-O dxc4
9.Bxc4 a6 10.Rd1 b5 11.Bd3 Bb7 12.Ng5 Bxh2+ 13.Kxh2 Ng4+ 14.Kg1 Qxg5 15.f3 Ngf6
16.e4 Qh4 17.Be3 e5 18.Ne2 Nh5 19.b4 Nf4 20.Nxf4 exf4 21.Bf2 Qh6 22.g4 fxg3
23.Bxg3 f5 24.exf5 c5 25.dxc5 Bxf3 26.Bf1 Qh1+ 27.Kf2 Bd5 28.Rxd5 Qxd5 29.Rd1 Qxf5+
30.Qxf5 Rxf5+ 31.Kg1 Ne5 32.Bh3 Rg5 33.Be6+ Kh8 34.Kg2 h6 35.Rd6 Nc4 36.Rd3 Re8
37.Bd7 Re2+ 38.Kf3 Rc2 39.Bf4 Ne5+ 40.Bxe5 Rxe5 41.c6 g5 42.Ra3 Kg7 43.Rxa6 Rc3+
44.Kg2 Rc2+ 45.Kf3 Rc3+ 46.Kg2 Re4 47.a3 g4 48.Ra7 g3 49.Kg1 Re1+ 50.Kg2 Re2+
51.Kh3 g2+  0-1

[Event "Chigorin CC"]
[Site "St Petersburg RUS"]
[Date "2005.05.25"]
[Round "9"]
[White "Churkin,V"]
[Black "Melnikov,D"]
[Result "0-1"]
[WhiteElo "2225"]
[BlackElo "2305"]

1.d4 d5 2.c4 e6 3.Nc3 c6 4.e3 Nf6 5.Nf3 Nbd7 6.Bd3 dxc4 7.Bxc4 b5 8.Bd3 b4
9.Ne4 Be7 10.O-O O-O 11.Nxf6+ Nxf6 12.e4 Bb7 13.e5 Nd7 14.Be4 Rb8 15.a3 bxa3
16.b4 f5 17.exf6 Nxf6 18.Bb1 Bxb4 19.Ng5 Qd7 20.Qd3 g6 21.Qc4 Qd5 22.Ba2 c5
23.Qxd5 exd5 24.Ne6 Ba6 25.Nxf8 Bxf1 26.Nd7 Nxd7 27.Bxd5+ Kf8 28.Kxf1 cxd4
29.Bxa3 a5 30.Rb1 Bxa3  0-1

[Event "TCh-ROM A"]
[Site "Tusnad ROM"]
[Date "2005.05.25"]
[Round "5"]
[White "Negulescu,Ad"]
[Black "Toma,A"]
[Result "1/2-1/2"]
[WhiteElo "2421"]
[BlackElo "2249"]

1.d4 d5 2.Nf3 Nf6 3.c4 c6 4.e3 e6 5.Nc3 Be7 6.Be2 O-O 7.O-O dxc4 8.Bxc4 b5
9.Bd3 a6 10.Ne4 Nbd7 11.Qc2 Bb7 12.Rd1 Nxe4 13.Bxe4 Nf6 14.Bd3 Rc8 15.Qe2 Nd7
16.a3 c5  1/2-1/2

[Event "TCh-ROM A"]
[Site "Tusnad ROM"]
[Date "2005.05.27"]
[Round "7"]
[White "Mateuta,G"]
[Black "Pavlov,Mirc"]
[Result "1-0"]
[WhiteElo "2478"]
[BlackElo "2364"]

1.d4 d5 2.c4 c6 3.Nc3 Nf6 4.e3 e6 5.Nf3 Nbd7 6.Qc2 Bd6 7.Be2 O-O 8.O-O Re8
9.Rd1 Qe7 10.b3 b6 11.Bb2 Bb7 12.Rac1 Rac8 13.Qb1 h6 14.g3 a6 15.Nh4 dxc4
16.e4 cxb3 17.e5 bxa2 18.Nxa2 Bb8 19.exf6 Nxf6 20.Nf3 b5 21.Ne5 Bd6 22.Nd3 Nd7
23.Bf3 a5 24.Nc3 Ba6 25.Ne4 b4 26.Qa1 Bxd3 27.Rxd3 Bc7 28.Rxc6 Bb6 29.Qa4 Rb8
30.Rd1 Red8 31.Kg2  1-0

[Event "30th Elekes Mem GM"]
[Site "Budapest HUN"]
[Date "2005.05.28"]
[Round "8"]
[White "Hoang Thanh Trang"]
[Black "Izsak,Gyu"]
[Result "1-0"]
[WhiteElo "2470"]
[BlackElo "2459"]

1.d4 d5 2.c4 c6 3.Nc3 Nf6 4.Nf3 e6 5.e3 Bd6 6.Qc2 Nbd7 7.b3 O-O 8.Be2 Qe7
9.O-O Re8 10.Rd1 dxc4 11.bxc4 e5 12.a4 e4 13.Nd2 Nf8 14.Nf1 Bf5 15.Qb3 h5
16.Ba3 Bxa3 17.Qxa3 Qc7 18.Ng3 Bg6 19.h4 N8d7 20.a5 Rad8 21.Rab1 b6 22.d5 Nc5
23.axb6 axb6 24.Qb2 cxd5 25.Nxd5 Nxd5 26.Rxd5 Na4 27.Rxd8 Rxd8 28.Qb4 Qc6
29.Bxh5 Bxh5 30.Nxh5 Rc8 31.Nf4 Qxc4 32.Qxc4 Rxc4 33.g4 Rc6 34.Nd5 Rd6 35.Rb4 Rxd5
36.Rxa4 Re5 37.Kg2 f6 38.Kg3 g5 39.Ra7 Kf8 40.Rb7 Re6 41.h5 Rc6 42.Kg2 Rd6
43.Kf1 Rd1+ 44.Ke2 Rg1 45.h6 Kg8 46.Rxb6 Rxg4 47.Rxf6 Kh7 48.Rd6 Rg1 49.Re6 Rg4
50.Kf1 Rh4 51.Kg2 Rxh6 52.Re7+ Kg6 53.Rxe4 Kf5 54.Ra4 Rb6 55.Ra5+ Kf6 56.Kg3 Rb1
57.Ra6+ Kf5 58.f3 Rg1+ 59.Kf2 Rb1 60.e4+  1-0

[Event "TCh-ARG Magistral AFA"]
[Site "Buenos Aires ARG"]
[Date "2005.05.31"]
[Round "3"]
[White "Lafuente,P"]
[Black "Real de Azua,E"]
[Result "1/2-1/2"]
[WhiteElo "2442"]
[BlackElo "2391"]

1.d4 d5 2.c4 c6 3.Nc3 Nf6 4.e3 e6 5.Nf3 Nbd7 6.Qc2 Bd6 7.Bd3 O-O 8.O-O dxc4
9.Bxc4 a6 10.b3 c5 11.Ne4 Nxe4 12.Qxe4 Nf6 13.Qh4 b5 14.Bd3 Bb7 15.Bb2 h6
16.a4 cxd4 17.Nxd4 bxa4 18.Rxa4 Nd7 19.Qxd8 Rfxd8 20.Raa1 Bb4 21.Rfc1 a5
22.Bc4 Nb6 23.Bb5 Bd2 24.Rd1 Bb4 25.Rdc1 Bd2  1/2-1/2

[Event "14th CRO-Cup"]
[Site "Sibenik CRO"]
[Date "2005.05.31"]
[Round "3"]
[White "Kozul,Z"]
[Black "Golubovic,B"]
[Result "1-0"]
[WhiteElo "2591"]
[BlackElo "2462"]

1.d4 d5 2.c4 c6 3.e3 Nf6 4.Nc3 e6 5.Nf3 Nbd7 6.Bd3 dxc4 7.Bxc4 b5 8.Bd3 Bb7
9.e4 b4 10.Na4 c5 11.e5 Nd5 12.O-O cxd4 13.Re1 h6 14.Nxd4 Bc5 15.Nxc5 Nxc5
16.Bb5+ Kf8 17.Bc4 g6 18.Nb5 Kg7 19.Nd6 Bc6 20.Qd4 Nb7 21.Bxd5 Bxd5 22.Qxb4 Qb6
23.Qf4 Raf8 24.b3 Nxd6 25.exd6 f6 26.Be3 Qb7 27.Qg3 Rf7 28.Bc5 a5 29.Rac1 Rd8
30.h4 h5 31.Re3 Rdd7 32.a3 Qb5 33.b4 Rd8 34.Qf4 e5 35.Qg3 axb4 36.axb4 Ra8
37.Rd1 Be6 38.f4 exf4 39.Qxf4 Bf5 40.Rde1 Rd8 41.Re7 Rd7 42.Re8 Qd3 43.Ra8  1-0

[Event "TCh-BIH Prem"]
[Site "Neum BIH"]
[Date "2005.06.08"]
[Round "5"]
[White "Blagojevic,D"]
[Black "Sokolov,I"]
[Result "0-1"]
[WhiteElo "2549"]
[BlackElo "2662"]

1.d4 d5 2.c4 c6 3.Nc3 Nf6 4.e3 e6 5.Nf3 a6 6.b3 Bb4 7.Bd2 Nbd7 8.Bd3 Bd6
9.O-O O-O 10.Qc2 h6 11.Rad1 e5 12.cxd5 cxd5 13.dxe5 Nxe5 14.Nxe5 Bxe5 15.f4 Bd6
16.Bf5 Re8 17.Qd3 Bxf5 18.Qxf5 Bb4 19.Be1 Qb6 20.Nxd5 Nxd5 21.Rxd5 Bxe1 22.Rxe1 Rxe3
23.Rxe3 Qxe3+ 24.Kf1 Qc1+ 25.Kf2 Qb2+ 26.Kg3 Qxa2 27.Qd3 Qa1 28.Rd7 Qe1+
29.Kh3 Qe6+ 30.f5 Qc6 31.Rd6 Qc5 32.Rd5 Qe7 33.Rd7 Qg5 34.g3 Re8 35.Kg2 b5
36.h4 Qg4 37.Rd8 Rxd8 38.Qxd8+ Kh7 39.Qd5 f6 40.Kf2 Qb4 41.Kf3 h5 42.Kg2 a5
43.Qd7 a4 44.bxa4 bxa4 45.Qd1 Qe4+ 46.Kh2 a3 47.Qxh5+ Kg8 48.Qd1 Qa8 49.Qb3+ Kh7
50.Qa2 Qf3 51.Qc2 Qb7 52.Kh3 Qh1+ 53.Kg4 Qa8 54.Qa2 Qe4+ 55.Kh3 Qh1+ 56.Kg4 Qe4+
57.Kh3 Qxf5+ 58.Kh2 Qf3 59.Qc2+ f5 60.Qd2 Qb3 61.Qg5 Qf7 62.Qd2 a2 63.Qb2 Qa7
64.Qe2 Qa8  0-1

[Event "TCh-BIH Prem"]
[Site "Neum BIH"]
[Date "2005.06.09"]
[Round "6"]
[White "Markus,R"]
[Black "Ribli,Z"]
[Result "1/2-1/2"]
[WhiteElo "2584"]
[BlackElo "2602"]

1.d4 d5 2.c4 c6 3.Nc3 Nf6 4.e3 e6 5.Nf3 Nbd7 6.Bd3 dxc4 7.Bxc4 b5 8.Bd3 Bb7
9.O-O a6 10.e4 c5 11.d5 c4 12.Bc2 Qc7 13.dxe6 fxe6 14.Nd4 Nc5 15.Be3 e5 16.Nf3 Be7
17.Qe2 O-O 18.Ng5 Rfe8  1/2-1/2

[Event "III Open"]
[Site "Bajada de la Virgen ESP"]
[Date "2005.06.14"]
[Round "3"]
[White "Krivoshey,S"]
[Black "Agrest,E"]
[Result "1-0"]
[WhiteElo "2493"]
[BlackElo "2579"]

1.d4 Nf6 2.Nf3 d5 3.c4 e6 4.Nc3 c6 5.e3 a6 6.b3 Bb4 7.Bd2 Qe7 8.Bd3 O-O 9.O-O Nbd7
10.Re1 dxc4 11.bxc4 e5 12.Bf5 Bd6 13.Ng5 g6 14.Bc2 Bc7 15.f4  1-0

[Event "St Petersburg vs Moscow"]
[Site "St Petersburg RUS"]
[Date "2005.06.14"]
[Round "1"]
[White "Matlakov,M"]
[Black "Grachev,B"]
[Result "1-0"]
[WhiteElo "2401"]
[BlackElo "2508"]

1.d4 d5 2.c4 e6 3.Nc3 c6 4.e3 Nf6 5.Nf3 Nbd7 6.Bd3 dxc4 7.Bxc4 b5 8.Bd3 Bd6
9.O-O O-O 10.e4 e5 11.Bc2 Qe7 12.Bg5 a6 13.Ne2 h6 14.Ng3 Nb6 15.Bh4 c5 16.Nh5 Nbd7
17.Nxf6+ Nxf6 18.dxe5 Bxe5 19.Nxe5 Qxe5 20.Bg3 Qxb2 21.e5 Nh7 22.Be4 Rb8
23.e6 Bxe6 24.Bxb8 Rxb8 25.Qd6 Rc8 26.Bb7 Rf8 27.Qxc5 Bxa2 28.Bxa6 b4 29.Bc4 b3
30.Rad1 Qf6 31.Qb5 Ng5 32.Bxb3 Bxb3 33.Qxb3 Ne6 34.h3 Rc8 35.Qb7 Rc7 36.Qb8+ Kh7
37.Ra1 Qg5 38.Qb1+ f5 39.Ra5 Rf7 40.g3 Qh5 41.h4 Nd4 42.Qd1 Ne2+ 43.Kh2 Re7
44.Qd3 Re4 45.Qxe4  1-0

[Event "St Petersburg vs Moscow"]
[Site "St Petersburg RUS"]
[Date "2005.06.15"]
[Round "2"]
[White "Kharitonov,Alexa"]
[Black "Solovjov,S"]
[Result "1/2-1/2"]
[WhiteElo "2515"]
[BlackElo "2473"]

1.d4 d5 2.c4 c6 3.e3 Nf6 4.Nc3 e6 5.Nf3 Nbd7 6.Qc2 Bd6 7.b3 O-O 8.Bb2 e5
9.dxe5 Nxe5 10.O-O-O Qe7 11.Nxe5 Bxe5 12.cxd5 cxd5 13.Nxd5 Nxd5 14.Rxd5 Bxb2+
15.Kxb2 Qf6+ 16.Qc3 Qxf2+ 17.Rd2 Qh4 18.Bc4 Be6 19.Bxe6 fxe6 20.Qe5 Qf6 21.Qxf6 Rxf6
22.Rc1 Raf8 23.Rc7 R6f7 24.Rxf7 Rxf7 25.b4 Kf8 26.a4  1/2-1/2

[Event "III Open"]
[Site "Bajada de la Virgen ESP"]
[Date "2005.06.16"]
[Round "5"]
[White "Ramos Aguilar,J"]
[Black "Rodriguez Guerrero,E"]
[Result "0-1"]
[WhiteElo "2280"]
[BlackElo "2449"]

1.d4 d5 2.c4 c6 3.Nf3 Nf6 4.Nc3 e6 5.e3 Nbd7 6.Bd3 dxc4 7.Bxc4 b5 8.Bd3 a6
9.e4 c5 10.d5 Qc7 11.O-O Bb7 12.Qe2 c4 13.Bc2 Bd6 14.dxe6 fxe6 15.Ng5 Nc5
16.f4 e5 17.Nd5 Bxd5 18.exd5 O-O 19.b4 cxb3 20.axb3 exf4 21.b4 Rfe8 22.Qf3 Ncd7
23.Bf5 Nf8 24.Ne6 Qc4 25.Nxf8 Qd4+ 26.Qf2 Qxf2+ 27.Rxf2 Re1+ 28.Rf1 Rxf1+
29.Kxf1 Kxf8 30.Bd2 Ra7 31.Bd3 Nxd5 32.Bxb5 Bxb4 33.Bxb4+ Nxb4 34.Ra4 a5
35.Ke2 Ke7 36.Kf3 Ke6 37.h4 Ke5 38.Bf1 Kd4 39.Bb5 Kc3 40.Kxf4 Nd5+ 41.Kg3 Nb6  0-1

[Event "PanAmY U16B"]
[Site "Balneario Camboriu BRA"]
[Date "2005.06.16"]
[Round "8"]
[White "Lemos,D"]
[Black "Cornejo,M"]
[Result "1-0"]
[WhiteElo "2235"]
[BlackElo "2229"]

1.d4 d5 2.Nf3 Nf6 3.c4 e6 4.Nc3 c6 5.e3 Nbd7 6.Bd3 dxc4 7.Bxc4 b5 8.Bd3 b4
9.Ne4 Bb7 10.O-O Qb6 11.Nxf6+ gxf6 12.e4 Bd6 13.Qe2 c5 14.e5 fxe5 15.dxe5 Be7
16.Bf4 Rg8 17.Bxh7 Rg4 18.Bg3 Ba6 19.Bd3 Bxd3 20.Qxd3 c4 21.Qe2 Rc8 22.Rac1 c3
23.bxc3 bxc3 24.Nd2 Rb4 25.Ne4 Rbc4 26.Qg4 Qd4 27.Rxc3 Nb6 28.Rxc4 Rxc4 29.Qg8+ Kd7
30.Nd6 Bxd6 31.exd6 Qf6 32.Qb8  1-0

[Event "Open"]
[Site "Mielo POL"]
[Date "2005.06.18"]
[Round "9"]
[White "Szymczak,Z"]
[Black "Malakhatko,V"]
[Result "0-1"]
[WhiteElo "2315"]
[BlackElo "2562"]

1.d4 d5 2.c4 c6 3.Nf3 Nf6 4.Nc3 e6 5.e3 a6 6.Be2 dxc4 7.Bxc4 b5 8.Bb3 Bb7
9.O-O c5 10.Qe2 Nbd7 11.Rd1 Qc7 12.e4 cxd4 13.Nxd4 Nc5 14.e5 Nfd7 15.Bf4 b4
16.Nb1 Nxb3 17.Nxb3 Qc6 18.Qf1 Qc7 19.Qe2 g5 20.Bg3 h5 21.h3 Bg7 22.Rd6 Bf8
23.Rd4 a5 24.N1d2 a4 25.Rc1 Qb6 26.Nc4 Qa7 27.Rxd7 Kxd7 28.Qd2+ Bd5 29.Ne3 Qb7
30.Nd4 Rc8 31.Rxc8 Kxc8 32.Qc2+ Kd7 33.Qxa4+ Bc6 34.Qd1 Ke8 35.Nc4 Bd7 36.Qd2 Rg8
37.f3 Be7 38.b3 Rg6 39.Be1 g4 40.hxg4 hxg4 41.f4 g3 42.Nd6+ Bxd6 43.exd6 Qe4
44.Ne2 Rg4 45.Qxb4 Qxb4 46.Bxb4 Bb5 47.Nd4 Rxf4 48.Nxb5 Rxb4 49.Nc3 Kd7 50.Kf1 Rf4+  0-1

[Event "White Nights"]
[Site "St Petersburg RUS"]
[Date "2005.06.18"]
[Round "1"]
[White "Novikov,MiV"]
[Black "Golovenchits,B"]
[Result "1-0"]
[WhiteElo "2370"]
[BlackElo "2095"]

1.d4 d5 2.c4 c6 3.Nf3 Nf6 4.Nc3 e6 5.e3 Nbd7 6.Bd3 Bd6 7.O-O O-O 8.e4 dxc4
9.Bxc4 e5 10.Bb3 h6 11.h3 Re8 12.Re1 Qe7 13.Be3 b6 14.Rc1 c5 15.dxe5 Nxe5
16.Nh4 c4 17.Bc2 Rd8 18.Nf5 Bxf5 19.exf5 Bc5 20.Qe2 Nd3 21.Bxd3 cxd3 22.Qf3 Bxe3
23.Rxe3 Qb4 24.Rxd3 Qxb2 25.Rcd1 Re8 26.a4 Qb4 27.Rd4 Qa5 28.g4 Rac8 29.Nb5 Re1+
30.Kg2 Rxd1 31.Qxd1 a6 32.Nd6 Rd8 33.Qb3 Rd7 34.Nc4 Qc5 35.Rxd7 Nxd7 36.Ne3 b5
37.axb5 axb5 38.Qd3 Qc6+ 39.Qd5 Ne5 40.f4 Qxd5+ 41.Nxd5 Nc6 42.f6 gxf6 43.Nxf6+ Kg7
44.Nd5 b4 45.Kf3 b3 46.Ke3 Kg6 47.Kd3 f5 48.Kc3 h5 49.g5 h4 50.Kxb3 Nd4+
51.Kc4 Ne2 52.Kd3 Ng1 53.Ne7+ Kf7 54.Nxf5 Nxh3 55.Ke3 Nxg5 56.fxg5 h3 57.Kf4 h2
58.Ng3 Ke6 59.Nh1  1-0

[Event "Friendship IM"]
[Site "Cartak CZE"]
[Date "2005.06.19"]
[Round "2"]
[White "Obsivac,J"]
[Black "Volodin,V"]
[Result "1/2-1/2"]
[WhiteElo "2334"]
[BlackElo "2245"]

1.d4 d5 2.c4 e6 3.Nc3 c6 4.e3 Nf6 5.Nf3 Nbd7 6.Qc2 Bd6 7.Bd2 O-O 8.Bd3 dxc4
9.Bxc4 e5 10.O-O exd4 11.Nxd4 Ne5 12.Be2 Bg4 13.Bxg4 Nexg4 14.h3 Ne5 15.Rad1 Re8
16.e4 Bc5 17.Nb3 Bb6 18.Na4 Qd3 19.Qxd3 Nxd3 20.Nxb6 axb6 21.Bc3 Nf4 22.Bxf6 Ne2+
23.Kh2 gxf6 24.a3 Rxe4 25.Rd7 Rb8 26.Rfd1 Nf4 27.Nd4 Nd5 28.Rd3 Rf4 29.Kg3 Re4
30.Nf5 Kf8 31.Rxf7+ Kxf7 32.Nd6+ Ke6 33.Nxe4 Rg8+ 34.Kf3 Rxg2 35.Rd1 Rg8
36.Re1 Kd7 37.Ng3 Rg5 38.Rd1 Re5 39.Rd4 Re7  1/2-1/2